Prasadji ki kala (Record no. 148600)

MARC details
000 -LEADER
fixed length control field 00566nam a2200217Ia 4500
003 - CONTROL NUMBER IDENTIFIER
control field OSt
005 - DATE AND TIME OF LATEST TRANSACTION
control field 20260323164326.0
008 - FIXED-LENGTH DATA ELEMENTS--GENERAL INFORMATION
fixed length control field 210210b1938 xxu||||| |||| 00| 0 eng d
040 ## - CATALOGING SOURCE
Transcribing agency AL
041 ## - LANGUAGE CODE
Language code of text/sound track or separate title Hindi
082 ## - DEWEY DECIMAL CLASSIFICATION NUMBER
Classification number 864/95
100 ## - MAIN ENTRY--PERSONAL NAME
Personal name ROY (Gulab)
Dates associated with a name रॉय (गुलाब)
9 (RLIN) 259088
245 ## - TITLE STATEMENT
Title Prasadji ki kala
Remainder of title प्रसादजी की कला
260 ## - PUBLICATION, DISTRIBUTION, ETC.
Place of publication, distribution, etc. Agra
Name of publisher, distributor, etc. -
Date of publication, distribution, etc. 1938
650 ## - SUBJECT ADDED ENTRY--TOPICAL TERM
Topical term or geographic name entry element Prasadji
9 (RLIN) 259089
650 ## - SUBJECT ADDED ENTRY--TOPICAL TERM
Topical term or geographic name entry element ki
9 (RLIN) 259090
650 ## - SUBJECT ADDED ENTRY--TOPICAL TERM
Topical term or geographic name entry element kala
9 (RLIN) 259091
690 ## - LOCAL SUBJECT ADDED ENTRY--TOPICAL TERM (OCLC, RLIN)
Topical term or geographic name as entry element Hindi Criticism
9 (RLIN) 259092
906 ## - LOCAL DATA ELEMENT F, LDF (RLIN)
a 023631
942 ## - ADDED ENTRY ELEMENTS (KOHA)
Source of classification or shelving scheme Dewey Decimal Classification
Koha item type Book
Holdings
Withdrawn status Lost status Source of classification or shelving scheme Damaged status Not for loan Collection code Home library Current library Shelving location Date acquired Cost, normal purchase price Total Checkouts Full call number Barcode Date last seen Price effective from Koha item type
    Dewey Decimal Classification     Hindi St Aloysius Library St Aloysius Library   02/17/2021 0.00   864/95 023631 02/17/2021 02/17/2021 Book